[Event "IECC CL4-2004.10 email"]
[Site "IECC email"]
[Date "2004.06.14"]
[Round "?"]
[White "Andrzejewski, Wojciech"]
[Black "Manis, Jose"]
[Result "0-1"]
[WhiteElo "1677"]
[BlackElo "1648"]
[PlyCount "50"]
[EventDate "2004.??.??"]
[EventType "tourn (corr)"]
[EventRounds "4"]
[SourceTitle "Corr 2008"]
[Source "ChessBase"]
[SourceDate "2008.06.24"]
[SourceVersion "1"]
[SourceVersionDate "2008.06.24"]
[SourceQuality "1"]

1. e4 g6 2. Nf3 Bg7 3. Bc4 c6 4. Ng5 d5 5. exd5 cxd5 6. Bb3 a5 7. a4 Nc6 8. c3 e5 9. d3 Nf6 10. Qf3 h6 11. Qe2 hxg5 12. Bxg5 0-0 13. Qf3 e4 14. Qg3 exd3 15. 0-0 Ne4 16. Bxd8 Nxg3 17. fxg3 Rxd8 18. Nd2 Bh6 19. Nf3 Ra6 20. Rfd1 Rb6 21. Ba2 d4 22. Rxd3 Bf5 23. Rdd1 Be3+ 24. Kh1 d3 25. h3 Rxb2 0-1